Counseling psychology : (Record no. 306689)
[ view plain ]
| 000 -LEADER | |
|---|---|
| fixed length control field | 01034cam a22002898i 4500 |
| 001 - CONTROL NUMBER | |
| control field | 18635021 |
| 003 - CONTROL NUMBER IDENTIFIER | |
| control field | LC |
| 005 - DATE AND TIME OF LATEST TRANSACTION | |
| control field | 20170209143751.0 |
| 008 - FIXED-LENGTH DATA ELEMENTS--GENERAL INFORMATION | |
| fixed length control field | 150528s2015 enk b 001 0 eng |
| 010 ## - LIBRARY OF CONGRESS CONTROL NUMBER | |
| LC control number | 2015019960 |
| 020 ## - INTERNATIONAL STANDARD BOOK NUMBER | |
| International Standard Book Number | 9781118468128 (cloth) |
| 020 ## - INTERNATIONAL STANDARD BOOK NUMBER | |
| International Standard Book Number | 9781118468111 (pbk.) |
| 040 ## - CATALOGING SOURCE | |
| Original cataloging agency | DLC |
| Language of cataloging | eng |
| Transcribing agency | DLC |
| Description conventions | rda |
| 042 ## - AUTHENTICATION CODE | |
| Authentication code | pcc |
| 050 00 - LIBRARY OF CONGRESS CALL NUMBER | |
| Classification number | BF 636.6 |
| Item number | .C485 2015 |
| 082 00 - DEWEY DECIMAL CLASSIFICATION NUMBER | |
| Classification number | 158.3 |
| 100 1# - MAIN ENTRY--PERSONAL NAME | |
| Personal name | Chao, Ruth Chu-Lien. |
| 245 10 - TITLE STATEMENT | |
| Title | Counseling psychology : |
| Remainder of title | an integrated approach / |
| Statement of responsibility, etc | Ruth Chu-Lien Chao. |
| 260 ## - PUBLICATION, DISTRIBUTION, ETC. (IMPRINT) | |
| Place of publication, distribution, etc | West Sussex : |
| Name of publisher, distributor, etc | Wiley Blackwell, |
| Date of publication, distribution, etc | 2015 |
| 263 ## - PROJECTED PUBLICATION DATE | |
| Projected publication date | 1508 |
| 504 ## - BIBLIOGRAPHY, ETC. NOTE | |
| Bibliography, etc | Includes bibliographical references and index. |
| 650 #0 - SUBJECT ADDED ENTRY--TOPICAL TERM | |
| Topical term or geographic name as entry element | Counseling psychology. |
| 776 08 - ADDITIONAL PHYSICAL FORM ENTRY | |
| Display text | Online version: |
| Main entry heading | Chao, Ruth Chu-Lien. |
| Title | Counseling psychology |
| Place, publisher, and date of publication | Chichester, West Sussex, UK : John Wiley and Sons, Inc., 2015 |
| International Standard Book Number | 9781118468098 |
| Record control number | (DLC) 2015021539 |
| 906 ## - LOCAL DATA ELEMENT F, LDF (RLIN) | |
| a | 7 |
| b | cbc |
| c | orignew |
| d | 1 |
| e | ecip |
| f | 20 |
| g | y-gencatlg |
| 942 ## - ADDED ENTRY ELEMENTS (KOHA) | |
| Source of classification or shelving scheme | Library of Congress Classification |
| Koha item type | Books |
| Withdrawn status | Lost status | Source of classification or shelving scheme | Damaged status | Home library | Current library | Shelving location | Date acquired | Source of acquisition | Sub Shelving location | Total Checkouts | Full call number | Barcode | Date last seen | Price effective from | Koha item type |
|---|---|---|---|---|---|---|---|---|---|---|---|---|---|---|---|
| Library of Congress Classification | Luxembourg Library | Luxembourg Library | Teachers Reference Section | 02/09/2017 | Library Fund | BF 636.6 .C485 2015 | 20394 | 02/09/2017 | 02/09/2017 | Books |